00352nam a2200133Ia 4500008004100000020001500041041001200056082001600068100002300084245005900107260003200166300000800198650001200206221030s9999 xx 000 0 und d a8172248210 aEnglish a105.23bCoo aA. K. Coomaraswamy 0aMyths Of The Hindus & Buddhistscby A. K. Coomaraswamy bJaico Pub.aNew Delhic1913 a399 aGeneral